000 00708na a2200217 4500
001 16900
003 MIRAKIL
005 20181213154913.0
008 161017b tu 000 0
040 _aMilas
_btur
_cTR-AnCHP
041 _atur
082 _a956.101543
_bB24 [t.y.]
090 _a956.101543 B24 [t.y.]
245 _aBalkan savaşları
_b8 Ekim 1912- 29 Eylül 1913
_cRumeli Balkan Stratejik Araştırmalar Merkezi
260 _aİstanbul
_bRumeli Balkan Stratejik Araştırmalar Merkezi
_c[t. y.]
300 _a64 s.
_c20 sm.
650 _aTarih
_xBalkan savaşları
650 _aBalkan savaşları
_xDenemeler
710 _aRumeli Balkan Stratejik Araştırmalar Merkezi
942 _2ddc
_cBKS
999 _c2899
_d2899